000 00362 a2200157 4500
001 181296
020 _a
040 _cMagnum
100 _aTeixeira, Yolanda Mourao
240 1 0 _aAulas praticas de matematica/v.1
_lpor
245 1 0 _aAulas praticas de matematica/v.1
362 0 _a1899
440 1 _aÁtica
697 _aMAGNITO: PARADIDATICO
942 _cBK
999 _c181296
_d181296